Les Autoroutes et services de l'information à l'heure des expérimentations : contributions aux débâts (Record no. 38031)
[ view plain ]
| 000 -LEADER | |
|---|---|
| fixed length control field | 00718 a2200229 4500 |
| 037 ## - SOURCE OF ACQUISITION | |
| Source of stock number/acquisition | 1, LP |
| 037 ## - SOURCE OF ACQUISITION | |
| Stock number | S 8435 |
| 100 ## - VEDETTE PRINCIPALE - NOM DE PERSONNE | |
| Language of a work | Fr |
| 110 ## - VEDETTE PRINCIPALE - NOM DE COLLECTIVITE | |
| Corporate name or jurisdiction name as entry element | Ministère délégué à la Poste aux Télécommunications et à l'Espace |
| 260 ## - PUBLICATION, DISTRIBUTION, ETC. (IMPRINT) | |
| Place of publication, distribution, etc | [Paris] |
| 260 ## - PUBLICATION, DISTRIBUTION, ETC. (IMPRINT) | |
| Name of publisher, distributor, etc | Ministère délégué à la Poste aux Télécommunications et à l'Espace |
| 245 ## - TITLE STATEMENT | |
| Title | Les Autoroutes et services de l'information à l'heure des expérimentations : contributions aux débâts |
| 260 ## - PUBLICATION, DISTRIBUTION, ETC. (IMPRINT) | |
| Date of publication, distribution, etc | 1996 |
| 300 ## - PHYSICAL DESCRIPTION | |
| Extent | 109 p. |
| 300 ## - PHYSICAL DESCRIPTION | |
| Other physical details | 30 cm |
| 440 ## - SERIES STATEMENT/ADDED ENTRY--TITLE | |
| Title | F.O.R.U.M. |
| 630 ## - SUBJECT ADDED ENTRY--UNIFORM TITLE | |
| Uniform title | 62 - Ingenierie. Art de lingenieur. Technologie en general |
| 650 ## - SUBJECT ADDED ENTRY--TOPICAL TERM | |
| Topical term or geographic name as entry element | 6 - SCIENCES APPLIQUEES |
| 650 ## - SUBJECT ADDED ENTRY--TOPICAL TERM | |
| Topical term or geographic name as entry element | Cybernétque |
| Withdrawn status | Lost status | Damaged status | Not for loan | Location (home branch) | Sublocation or collection (holding branch) | Date acquired | Koha issues (times borrowed) | Koha full call number | Koha date last seen | Price effective from | Koha item type |
|---|---|---|---|---|---|---|---|---|---|---|---|
| Bibliothèque Universitaire Centrale | Bibliothèque Universitaire Centrale | 28/02/2009 | 621.396.4 AUT | 28/02/2009 | 28/02/2009 | Livre |